Le guépard

Guardat en:
Dades bibliogràfiques
Autor principal: Lampedusa, Giuseppe Tomasi Di
Format: Llibre
Idioma:Undetermined
Publicat: París, Francia Du Seuil 1958
Matèries:
Etiquetes: Afegir etiqueta
Sense etiquetes, Sigues el primer a etiquetar aquest registre!

MARC

LEADER 00000nam a2200000Ia 4500
008 170316s9999 xx 000 0 und d
999 |c 8159  |d 8159 
040 |a cru BVZT 
090 |a 850 L-2g 
100 |a Lampedusa, Giuseppe Tomasi Di 
245 |a Le guépard  |c / Giuseppe Tomasi Di Lampedusa 
260 |a París, Francia  |b Du Seuil  |c 1958 
300 |a 248 páginas 
650 |a LITERATURA ITALIANA  |9 212 
942 |c 15 D  |h 850 L-2g  |2 z